Pięć najbliższych państw według państw #1 - Statystyki

Ogólne statystyki
  • Ten quiz został rozwiązany 3 693 razy
  • Średni wynik to 31 z 40
Statystyki odpowiedzi
Państwo Najbliższe państwo % Poprawnych
Stany Zjednoczone Kanada
100%
Stany Zjednoczone Meksyk
100%
Australia Nowa Zelandia
93%
Oman Arabia Saudyjska
91%
Monako Francja
91%
Oman Jemen
90%
Monako Włochy
90%
Stany Zjednoczone Kuba
89%
Cypr Turcja
88%
Oman Zjednoczone Emiraty Arabskie
86%
Monako Hiszpania
85%
Bhutan Indie
84%
Lesotho Republika Południowej Afryki
84%
Bhutan Chiny
83%
Monako Szwajcaria
82%
Bhutan Nepal
79%
Australia Papua-Nowa Gwinea
79%
Stany Zjednoczone Rosja
79%
Australia Indonezja
78%
Cypr Izrael
78%
Panama Kolumbia
77%
Panama Kostaryka
76%
Oman Iran
74%
Cypr Syria
72%
Stany Zjednoczone Bahamy
71%
Panama Honduras
70%
Panama Nikaragua
70%
Panama Wenezuela
70%
Bhutan Bangladesz
68%
Lesotho Eswatini
68%
Cypr Liban
68%
Cypr Jordania
66%
Lesotho Botswana
64%
Lesotho Mozambik
64%
Bhutan Mjanma
63%
Lesotho Namibia
63%
Oman Pakistan
63%
Monako San Marino
61%
Australia Timor Wschodni
57%
Australia Wyspy Salomona
51%
Nie znaleziono quizów pasujących do podanych kryteriów
Rozkład punktacji
Procent ludzi z każdym wynikiem
Percentyl według liczby udzielonych odpowiedzi
Twoja historia wyników
Nie rozwiązałeś tego quizu